Quality Improvement Programme for Teachers of Engineering Colleges- Advance Admission to Ph.D Degree Programme 2003-2004 Final Admission 2004-2005 (Record no. 16852)

MARC details
000 -LEADER
fixed length control field 00412nam a2200121Ia 4500
008 - FIXED-LENGTH DATA ELEMENTS--GENERAL INFORMATION
fixed length control field 221030s9999 xx 000 0 und d
041 ## - LANGUAGE CODE
Language code of text/sound track or separate title
100 ## - MAIN ENTRY--AUTHOR NAME
Personal name Information Brochure
245 #0 - TITLE STATEMENT
Title Quality Improvement Programme for Teachers of Engineering Colleges- Advance Admission to Ph.D Degree Programme 2003-2004 Final Admission 2004-2005
Statement of responsibility, etc by Information Brochure
260 ## - PUBLICATION, DISTRIBUTION, ETC. (IMPRINT)
Year of publication 0
650 ## - SUBJECT ADDED ENTRY--TOPICAL TERM
Topical Term B
942 ## - ADDED ENTRY ELEMENTS (KOHA)
Koha item type Books
Holdings
Accession Number Price effective from Koha item type Withdrawn / writtenoff status Materials specified (bound volume or other part) Damaged status Not for loan Permanent Location Current Location Shelving location Date acquired Lost/ Missing status department
B 7141 10/30/2022 Books   Print     MIET Library, Jammu MIET Library, Jammu BL-, FL-, CUP-0, SH-0, R-0 02/15/2016   BE